Politické změny ve východní Evropě a jejich sociálně-demografické důsledky.
Komentovanie poznatkov rakúskeho ekonóma Sauderera k problematike reprodukcie obyvateľstva, migračných pohybov vo vnútri krajiny i v medzištátnom meradle a trhu práce v súvislosti s politickými zmenami vo východnej Európe. Porovnavanie niektorých ukazovateľov za ČSFR, Rakúsko a Maďarsko.
Gespeichert in:
| 1. Verfasser: | |
|---|---|
| Format: | Buchkapitel |
| Sprache: | Tschechisch |
| Schlagworte: | |
| Tags: |
Keine Tags, Fügen Sie das erste Tag hinzu!
|
MARC
| LEADER | 00000naa a2200000 4500 | ||
|---|---|---|---|
| 001 | r002164 | ||
| 005 | 20220819181026.4 | ||
| 041 | 0 | |a cze | |
| 044 | |a [CS] | ||
| 245 | 1 | 0 | |a Politické změny ve východní Evropě a jejich sociálně-demografické důsledky. |c A. Andrle |
| 520 | |a Komentovanie poznatkov rakúskeho ekonóma Sauderera k problematike reprodukcie obyvateľstva, migračných pohybov vo vnútri krajiny i v medzištátnom meradle a trhu práce v súvislosti s politickými zmenami vo východnej Európe. Porovnavanie niektorých ukazovateľov za ČSFR, Rakúsko a Maďarsko. | ||
| 610 | 2 | 0 | |a reprodukcia obyvateľstva |
| 610 | 2 | 0 | |a pohyb obyvateľstva |
| 610 | 2 | 0 | |a pohyb síl pracovných medzinárodný |
| 610 | 2 | 0 | |a ukazovatele štatistické |
| 610 | 2 | 0 | |a politika |
| 610 | 2 | 0 | |a východná Európa |
| 100 | 1 | |a Andrle, Alois | |